Les cartes des antagonistes dans Yu-Gi-Oh! - Statistiques

Statistiques générales
  • Ce quiz a été pris 120 fois
  • Le résultat moyen est 12 sur 24
Statistiques - réponses
Par images Réponse % Correct
Monde des Toons
93%
Le Dragon Ailé de Râ
86%
Le Renoncé
82%
Appel de l'Être Hanté
72%
Golem de Lave
72%
Gardien de la Porte
70%
Revolver Dragon
66%
Sœurs de Harpie
65%
Le Sceau d'Orichalque
64%
Éxodia Necross
54%
Château des Illusions
49%
Spectre Revenant
44%
Dragon à Cinq Têtes
43%
Grand Moth Ultimement Parfait
43%
Necrofear des Ténèbres
39%
Tableau de la Destinée / Message Spirituel
39%
Gardien Eatos
38%
Zorc - Maître des Ténèbres
37%
Château Doré de Stromberg
34%
Valkyrie-Brunhilde
27%
Des Gardius la Bête Masquée
26%
Noyau Diabound
25%
Arche de Shinato
20%
Bête Mystique de Serket
17%
Aucun quiz correspondant
Distribution des résultats
% des personnes avec chaque résultat
Percentile par nombre de réponses
Votre historique - résultats
Vous n’avez pas pris ce quiz